Toutes les communes d'Île-de-France - Difficile - Statistiques

Statistiques générales
  • Ce quiz a été pris 453 fois
  • Le résultat moyen est 181 sur 1268
Réponses sur la Carte
Les réponses sont colorées sur une échelle allant du rouge au vert en fonction du pourcentage des utilisateurs qui les ont devinées à leur premier essai. Vous pouvez retrouver ces pourcentages ci-dessous.
 
Statistiques - réponses
Ville % Correct
Paris
92%
Saint-Denis
80%
Saint-Denis-lès-Rebais
80%
Versailles
75%
Nanterre
74%
Boulogne-Billancourt
72%
Évry-Courcouronnes
70%
Évry-Grégy-sur-Yerre
70%
Le Val-Saint-Germain
69%
Neuilly-en-Vexin
69%
Neuilly-Plaisance
69%
Neuilly-sur-Marne
69%
Neuilly-sur-Seine
69%
Créteil
68%
Ivry-sur-Seine
68%
Cergy
66%
Issy-les-Moulineaux
66%
Aubervilliers
64%
Fontaine-Fourches
64%
Fontaine-la-Rivière
64%
Fontaine-le-Port
64%
Orly
64%
Orly-sur-Morin
64%
Bobigny
63%
Clichy
63%
Clichy-sous-Bois
63%
Fontainebleau
62%
Montreuil
62%
Montreuil-sur-Epte
62%
Saint-Ouen
61%
Saint-Ouen-en-Brie
61%
Saint-Ouen-l'Aumône
61%
Saint-Ouen-sur-Morin
61%
Vincennes
61%
Levallois-Perret
60%
Argenteuil
59%
Melun
59%
Saint-Germain-de-la-Grange
59%
Saint-Germain-en-Laye
59%
Saint-Germain-Laval
59%
Saint-Germain-Laxis
59%
Saint-Germain-lès-Arpajon
59%
Saint-Germain-lès-Corbeil
59%
Saint-Germain-sous-Doue
59%
Saint-Germain-sur-École
59%
Saint-Germain-sur-Morin
59%
Vitry-sur-Seine
58%
Meaux
57%
Antony
56%
Asnières-sur-Oise
56%
Asnières-sur-Seine
56%
Colombes
56%
Noisy-le-Grand
56%
Noisy-le-Roi
56%
Noisy-le-Sec
56%
Noisy-Rudignon
56%
Noisy-sur-École
56%
Noisy-sur-Oise
56%
Pontoise
56%
Aulnay-sous-Bois
55%
Aulnay-sur-Mauldre
55%
Massy
55%
La Villeneuve-en-Chevrie
54%
Mantes-la-Jolie
54%
Mantes-la-Ville
54%
Pantin
54%
Villeneuve-la-Garenne
54%
Villeneuve-le-Comte
54%
Villeneuve-le-Roi
54%
Villeneuve-les-Bordes
54%
Villeneuve-Saint-Denis
54%
Villeneuve-Saint-Georges
54%
Villeneuve-sous-Dammartin
54%
Villeneuve-sur-Auvers
54%
Villeneuve-sur-Bellot
54%
Montrouge
53%
Roissy-en-Brie
53%
Roissy-en-France
53%
Courbevoie
51%
Fontenay-aux-Roses
51%
Fontenay-en-Parisis
51%
Fontenay-le-Fleury
51%
Fontenay-lès-Briis
51%
Fontenay-le-Vicomte
51%
Fontenay-Mauvoisin
51%
Fontenay-Saint-Père
51%
Fontenay-sous-Bois
51%
Fontenay-Trésigny
51%
Malakoff
51%
Puteaux
50%
Sarcelles
50%
Clamart
49%
Drancy
49%
Rambouillet
49%
Sevran
49%
Villejuif
49%
Corbeil-Essonnes
48%
Gennevilliers
48%
Poissy
48%
Saint-Maur-des-Fossés
48%
Rueil-Malmaison
47%
Saint-Cloud
47%
Bagneux
46%
La Courneuve
46%
Vanves
46%
Meudon
45%
Palaiseau
45%
Suresnes
45%
Bondy
44%
Les Lilas
44%
Alfortville
43%
Étampes
43%
Trappes
43%
Bagnolet
42%
Bourg-la-Reine
42%
Champigny-sur-Marne
42%
Choisy-en-Brie
42%
Choisy-le-Roi
42%
Juvisy-sur-Orge
42%
Sèvres
42%
Bois-Colombes
41%
Châtillon
41%
Châtillon-la-Borde
41%
Maisons-Alfort
41%
Rosny-sous-Bois
41%
Rosny-sur-Seine
41%
Torcy
41%
Saint-Mandé
40%
Arcueil
39%
Épinay-Champlâtreux
39%
Épinay-sous-Sénart
39%
Épinay-sur-Orge
39%
Épinay-sur-Seine
39%
La Garenne-Colombes
39%
Le Kremlin-Bicêtre
39%
Vélizy-Villacoublay
39%
Villiers-Adam
39%
Villiers-en-Bière
39%
Villiers-le-Bâcle
39%
Villiers-le-Bel
39%
Villiers-le-Mahieu
39%
Villiers-le-Sec
39%
Villiers-Saint-Frédéric
39%
Villiers-Saint-Georges
39%
Villiers-sous-Grez
39%
Villiers-sur-Marne
39%
Villiers-sur-Morin
39%
Villiers-sur-Orge
39%
Villiers-sur-Seine
39%
Grigny
38%
Le Tremblay-sur-Mauldre
38%
L'Haÿ-les-Roses
38%
Rungis
38%
Saint-Pierre-du-Perray
38%
Saint-Pierre-lès-Nemours
38%
Tremblay-en-France
38%
Cachan
37%
Charenton-le-Pont
37%
Le Blanc-Mesnil
37%
Le Plessis-aux-Bois
37%
Le Plessis-Bouchard
37%
Le Plessis-Feu-Aussoux
37%
Le Plessis-Gassot
37%
Le Plessis-l'Évêque
37%
Le Plessis-Luzarches
37%
Le Plessis-Pâte
37%
Le Plessis-Placy
37%
Le Plessis-Robinson
37%
Le Plessis-Trévise
37%
Chelles
36%
Houilles
36%
Montigny-le-Bretonneux
36%
Montigny-le-Guesdier
36%
Montigny-Lencoup
36%
Montigny-lès-Cormeilles
36%
Montigny-sur-Loing
36%
Nogent-sur-Marne
36%
Sartrouville
36%
Savigny-le-Temple
36%
Savigny-sur-Orge
36%
Sceaux
36%
Boissy-aux-Cailles
34%
Boissy-l'Aillerie
34%
Boissy-la-Rivière
34%
Boissy-le-Châtel
34%
Boissy-le-Cutté
34%
Boissy-le-Sec
34%
Boissy-Mauvoisin
34%
Boissy-Saint-Léger
34%
Boissy-sans-Avoir
34%
Boissy-sous-Saint-Yon
34%
Brétigny-sur-Orge
34%
Garges-lès-Gonesse
34%
Gentilly
34%
Provins
34%
Saint-Maurice
34%
Saint-Maurice-Montcouronne
34%
Villepinte
34%
Brie-Comte-Robert
33%
Chaville
33%
Fresnes
33%
Fresnes-sur-Marne
33%
Garches
33%
Le Bourget
33%
Le Raincy
33%
Montfermeil
33%
Romainville
33%
Stains
33%
Sucy-en-Brie
33%
Viry-Châtillon
33%
Joinville-le-Pont
32%
Livry-Gargan
32%
Livry-sur-Seine
32%
Saint-Cyr-en-Arthies
32%
Saint-Cyr-la-Rivière
32%
Saint-Cyr-l'École
32%
Saint-Cyr-sous-Dourdan
32%
Saint-Cyr-sur-Morin
32%
Thiais
32%
Villetaneuse
32%
Chatou
31%
Gagny
31%
Gonesse
31%
Le Pré-Saint-Gervais
31%
Marly-la-ville
31%
Marly-le-Roi
31%
Orsay
31%
Plaisir
31%
Saint-Michel-sur-Orge
31%
Yerres
31%
Athis-Mons
30%
Chessy
30%
Sainte-Geneviève-des-Bois
30%
Saint-Jean-de-Beauregard
30%
Saint-Jean-les-Deux-Jumeaux
30%
Saint-Martin-de-Bréthencourt
30%
Saint-Martin-des-Champs
30%
Saint-Martin-du-Boschet
30%
Saint-Martin-du-Tertre
30%
Saint-Martin-en-Bière
30%
Saint-Martin-la-Garenne
30%
Dourdan
29%
Gif-sur-Yvette
29%
Les Mureaux
29%
Saint-Rémy-la-Vanne
29%
Saint-Rémy-lès-Chevreuse
29%
Saint-Rémy-l'Honoré
29%
Châtenay-en-France
28%
Châtenay-Malabry
28%
Châtenay-sur-Seine
28%
Le Chesnay-Rocquencourt
28%
L'Île-Saint-Denis
28%
Marnes-la-Coquette
28%
Pierre-Levée
28%
Conflans-Sainte-Honorine
27%
Les Ulis
27%
Champs-sur-Marne
26%
Fleury-en-Bière
26%
Fleury-Mérogis
26%
Goussainville
26%
La Verrière
26%
Le Perreux-sur-Marne
26%
Le Vésinet
26%
Pontault-Combault
26%
Ris-Orangis
26%
Villemomble
26%
Bezons
25%
Château-Landon
25%
Guyancourt
25%
Jouy-en-Josas
25%
Jouy-le-Châtel
25%
Jouy-le-Moutier
25%
Jouy-Mauvoisin
25%
Jouy-sur-Morin
25%
Montmorency
25%
Saclay
25%
Vaucresson
25%
Ville-d'Avray
25%
Bonneuil-en-France
24%
Bonneuil-sur-Marne
24%
Bry-sur-Marne
24%
Bussy-Saint-Georges
24%
Bussy-Saint-Martin
24%
Le Pecq
24%
Mitry-Mory
24%
Villeparisis
24%
Viroflay
24%
Achères
23%
Achères-la-Forêt
23%
Enghien-les-Bains
23%
La Celle-les-Bordes
23%
La Celle-Saint-Cloud
23%
La Celle-sur-Morin
23%
L'Isle-Adam
23%
Magny-en-Vexin
23%
Magny-le-Hongre
23%
Magny-les-Hameaux
23%
Pierrefitte-sur-Seine
23%
Arpajon
22%
Carrières-sous-Poissy
22%
Carrières-sur-Seine
22%
Élancourt
22%
Ermont
22%
Noisiel
22%
Chevilly-Larue
21%
Coulommiers
21%
Gournay-sur-Marne
21%
Le Mesnil-Amelot
21%
Le Mesnil-Aubry
21%
Le Mesnil-le-Roi
21%
Le Mesnil-Saint-Denis
21%
Longjumeau
21%
Maisons-Laffitte
21%
Montgé-en-Goële
21%
Nemours
21%
Cormeilles-en-Parisis
20%
Cormeilles-en-Vexin
20%
Dammarie-les-Lys
20%
Draveil
20%
Dugny
20%
Eaubonne
20%
Franconville
20%
Herblay
20%
La Ferté-Alais
20%
La Ferté-Gaucher
20%
La Ferté-sous-Jouarre
20%
Limeil-Brévannes
20%
Lognes
20%
Montgeron
20%
Ablon-sur-Seine
19%
Auteuil
19%
Croissy-Beaubourg
19%
Croissy-sur-Seine
19%
Lagny-sur-Marne
19%
La Queue-en-Brie
19%
La Queue-lez-Yvelines
19%
Le Port-Marly
19%
Auvers-Saint-Georges
18%
Auvers-sur-Oise
18%
Brunoy
18%
Buc
18%
Chilly-Mazarin
18%
La Chapelle-en-Vexin
18%
La Chapelle-Gauthier
18%
La Chapelle-Iger
18%
La Chapelle-la-Reine
18%
La Chapelle-Moutils
18%
La Chapelle-Rablais
18%
La Chapelle-Saint-Sulpice
18%
Les Pavillons-sous-Bois
18%
Valenton
18%
Verneuil-l'Étang
18%
Verneuil-sur-Seine
18%
Vert
18%
Vert-le-Grand
18%
Vert-le-Petit
18%
Vert-Saint-Denis
18%
Wissous
18%
Aubergenville
17%
Bièvres
17%
Bougival
17%
Claye-Souilly
17%
Combs-la-Ville
17%
Dammartin-en-Goële
17%
Dammartin-en-Serve
17%
Dammartin-sur-Tigeaux
17%
Louveciennes
17%
Marolles-en-Beauce
17%
Marolles-en-Brie
17%
Marolles-en-Hurepoix
17%
Marolles-sur-Seine
17%
Paray-Douaville
17%
Paray-Vieille-Poste
17%
Vaux-le-Pénil
17%
Vaux-sur-Lunain
17%
Vaux-sur-Seine
17%
Avon
16%
Deuil-la-Barre
16%
Igny
16%
Le Mée-sur-Seine
16%
Lieusaint
16%
Montereau-Fault-Yonne
16%
Montereau-sur-le-Jard
16%
Morangis
16%
Morsang-sur-Orge
16%
Morsang-sur-Seine
16%
Passy-sur-Seine
16%
Quincy-sous-Sénart
16%
Quincy-Voisins
16%
Seine-Port
16%
Soisy-Bouy
16%
Soisy-sous-Montmorency
16%
Soisy-sur-École
16%
Soisy-sur-Seine
16%
Taverny
16%
Vigneux-sur-Seine
16%
Beaumont-du-Gâtinais
15%
Beaumont-sur-Oise
15%
Bois-d'Arcy
15%
Bures-sur-Yvette
15%
Chennevières-lès-Louvres
15%
Chennevières-sur-Marne
15%
Chevreuse
15%
Crécy-la-Chapelle
15%
Les Ormes-sur-Voulzie
15%
Moissy-Cramayel
15%
Montesson
15%
Neuville-sur-Oise
15%
Osny
15%
Ozoir-la-Ferrière
15%
Plessis-Saint-Benoist
15%
Saint-Arnoult-en-Yvelines
15%
Saint-Nom-la-Bretèche
15%
Sannois
15%
Villecresnes
15%
Bois-le-Roi
14%
Ormesson
14%
Ormesson-sur-Marne
14%
Saint-Brice
14%
Saint-Brice-sous-Forêt
14%
Tournan-en-Brie
14%
Vaujours
14%
Vernou-la-Celle-sur-Seine
14%
Villebon-sur-Yvette
14%
Bailly
13%
Bailly-Romainvilliers
13%
Boussy-Saint-Antoine
13%
Chanteloup-en-Brie
13%
Chanteloup-les-Vignes
13%
Clairefontaine-en-Yvelines
13%
Crosne
13%
Éragny
13%
Houdan
13%
La Roche-Guyon
13%
Limay
13%
Louvres
13%
Maurepas
13%
Montlhéry
13%
Saint-Gratien
13%
Saint-Leu-la-Forêt
13%
Voisins-le-Bretonneux
13%
Bondoufle
12%
Champagne-sur-Oise
12%
Champagne-sur-Seine
12%
Coubron
12%
Les Clayes-sous-Bois
12%
Lisses
12%
Mennecy
12%
Milly-la-Forêt
12%
Nangis
12%
Orgeval
12%
Persan
12%
Santeny
12%
Serris
12%
Thorigny-sur-Marne
12%
Varennes-Jarcy
12%
Varennes-sur-Seine
12%
Verrières-le-Buisson
12%
Villepreux
12%
Andrésy
11%
Arnouville
11%
Arnouville-lès-Mantes
11%
Breuil-Bois-Robert
11%
Chambourcy
11%
Épône
11%
Esbly
11%
Étréchy
11%
Le Perray-en-Yvelines
11%
Linas
11%
Reuil-en-Brie
11%
Us
11%
Vernouillet
11%
Ablis
10%
Beauchamp
10%
Bonnières-sur-Seine
10%
Cernay-la-ville
10%
Cesson
10%
Domont
10%
Égly
10%
Émerainville
10%
La Forêt-le-Roi
10%
La Forêt-Sainte-Croix
10%
Lardy
10%
Les Essarts-le-Roi
10%
L'Étang-la-Ville
10%
Luzarches
10%
Mandres-les-Roses
10%
Mareil-en-France
10%
Mareil-le-Guyon
10%
Mareil-Marly
10%
Mareil-sur-Mauldre
10%
Meulan-en-Yvelines
10%
Montfort-l'Amaury
10%
Moret-Loing-et-Orvanne
10%
Nanteuil-lès-Meaux
10%
Nanteuil-sur-Marne
10%
Saint-Aubin
10%
Saint-Fargeau-Ponthierry
10%
Saint-Léger
10%
Saint-Léger-en-Yvelines
10%
Thoiry
10%
Trilport
10%
Vaires-sur-Marne
10%
Villabé
10%
Villers-en-Arthies
10%
Ballancourt-sur-Essonne
9%
Barbizon
9%
Breuillet
9%
Bruyères-le-Châtel
9%
Bruyères-sur-Oise
9%
Chamarande
9%
Coignières
9%
Courcelles-en-Bassée
9%
Courcelles-sur-Viosne
9%
Gargenville
9%
Gretz-Armainvilliers
9%
La Norville
9%
La ville-du-Bois
9%
Limours
9%
Montévrain
9%
Neauphle-le-Château
9%
Neauphle-le-Vieux
9%
Noiseau
9%
Périgny
9%
Souppes-sur-Loing
9%
Abbéville-la-Rivière
8%
Angerville
8%
Beynes
8%
Bouray-sur-Juine
8%
Briis-sous-Forges
8%
Châteaufort
8%
Dampierre-en-Yvelines
8%
Écouen
8%
Étiolles
8%
Flins-Neuve-Église
8%
Flins-sur-Seine
8%
Fosses
8%
La Frette-sur-Seine
8%
Laval-en-Brie
8%
Les Loges-en-Josas
8%
Longueville
8%
Marcoussis
8%
Maule
8%
Méré
8%
Méry-sur-Marne
8%
Méry-sur-Oise
8%
Mons-en-Montois
8%
Montmagny
8%
Pierrelaye
8%
Porcheville
8%
Saint-Gervais
8%
Saint-Sulpice-de-Favières
8%
Servon
8%
Triel-sur-Seine
8%
Vauréal
8%
Villennes-sur-Seine
8%
Bagneaux-sur-Loing
7%
Boutigny
7%
Boutigny-sur-Essonne
7%
Brou-sur-Chantereine
7%
Chalo-Saint-Mars
7%
Champlan
7%
Chars
7%
Collégien
7%
Feucherolles
7%
Forges
7%
Forges-les-Bains
7%
Gazeran
7%
Issou
7%
Le Châtelet-en-Brie
7%
Le Coudray-Montceaux
7%
Mareuil-lès-Meaux
7%
Mézières-sur-Seine
7%
Nandy
7%
Nozay
7%
Orgerus
7%
Ormoy
7%
Ormoy-la-Rivière
7%
Poigny
7%
Poigny-la-Forêt
7%
Rebais
7%
Saint-Chéron
7%
Saint-Clair-sur-Epte
7%
Saint-Hilaire
7%
Saint-Sauveur-lès-Bray
7%
Saint-Sauveur-sur-École
7%
Saint-Thibault-des-Vignes
7%
Sermaise
7%
Thomery
7%
Tigery
7%
Toussus-le-Noble
7%
Valmondois
7%
Vauhallan
7%
Vulaines-lès-Provins
7%
Vulaines-sur-Seine
7%
Avrainville
6%
Ballainvilliers
6%
Boissise-la-Bertrand
6%
Boissise-le-Roi
6%
Bouffémont
6%
Bourron-Marlotte
6%
Bray-et-Lû
6%
Bray-sur-Seine
6%
Compans
6%
Courdimanche
6%
Courdimanche-sur-Essonne
6%
Crégy-lès-Meaux
6%
Doue
6%
Ferrières-en-Brie
6%
Gometz-la-Ville
6%
Gometz-le-Châtel
6%
Grez-sur-Loing
6%
Groslay
6%
Hardricourt
6%
Itteville
6%
Jablines
6%
Jouarre
6%
Jouars-Pontchartrain
6%
Juziers
6%
Le Pin
6%
Lizy-sur-Ourcq
6%
Longpont-sur-Orge
6%
Maisse
6%
Mormant
6%
Notre-Dame-de-la-Mer
6%
Ollainville
6%
Presles
6%
Presles-en-Brie
6%
Réau
6%
Saint-Just-en-Brie
6%
Saint-Mammès
6%
Saint-Prix
6%
Survilliers
6%
Tacoignières
6%
Ableiges
5%
Aigremont
5%
Allainville
5%
Annet-sur-Marne
5%
Armentières-en-Brie
5%
Arthies
5%
Bellot
5%
Bessancourt
5%
Boigneville
5%
Buno-Bonnevaux
5%
Cerny
5%
Chailly-en-Bière
5%
Chailly-en-Brie
5%
Chartrettes
5%
Cheptainville
5%
Chevry-Cossigny
5%
Chevry-en-Sereine
5%
Condé-Sainte-Libiaire
5%
Condé-sur-Vesgre
5%
Couilly-Pont-aux-Dames
5%
Coupvray
5%
Courtry
5%
Crouy-sur-Ourcq
5%
Ecquevilly
5%
Ézanville
5%
Favières
5%
Gambais
5%
Garancières
5%
Gironville
5%
Gironville-sur-Essonne
5%
Héricy
5%
Janville-sur-Juine
5%
Janvry
5%
La Croix-en-Brie
5%
Les Granges-le-Roi
5%
Lésigny
5%
Leuville-sur-Orge
5%
Maffliers
5%
Magnanville
5%
Marines
5%
Marles-en-Brie
5%
Mériel
5%
Montsoult
5%
Morigny-Champigny
5%
Nézel
5%
Pomponne
5%
Pringy
5%
Saclas
5%
Saint-Lambert
5%
Saint-Mard
5%
Saintry-sur-Seine
5%
Saint-Vrain
5%
Saint-Yon
5%
Santeuil
5%
Thieux
5%
Villejust
5%
Andilly
4%
Aulnoy
4%
Authon-la-Plaine
4%
Baby
4%
Bazoches-lès-Bray
4%
Bazoches-sur-Guyonne
4%
Béhoust
4%
Blandy
4%
Bréval
4%
Brières-les-Scellés
4%
Charny
4%
Faremoutiers
4%
Frépillon
4%
Guermantes
4%
Guillerval
4%
Hérouville-en-Vexin
4%
Jambville
4%
La Grande-Paroisse
4%
Les Molières
4%
Le Tertre-Saint-Denis
4%
Maincy
4%
Maurecourt
4%
Medan
4%
Méréville
4%
Messy
4%
Milon-la-Chapelle
4%
Moisselles
4%
Montry
4%
Morainvilliers
4%
Mouroux
4%
Moussy
4%
Moussy-le-Neuf
4%
Moussy-le-Vieux
4%
Nantouillet
4%
Nointel
4%
Oncy-sur-École
4%
Parmain
4%
Pommeuse
4%
Prunay-en-Yvelines
4%
Prunay-le-Temple
4%
Prunay-sur-Essonne
4%
Richebourg
4%
Rochefort-en-Yvelines
4%
Saint-Barthelemy
4%
Sainte-Mesme
4%
Saint-Escobille
4%
Saint-Soupplets
4%
Samoreau
4%
Saulx-les-Chartreux
4%
Saulx-Marchais
4%
Sonchamp
4%
Torfou
4%
Viarmes
4%
Vieille-Église-en-Yvelines
4%
Villaines-sous-Bois
4%
Villemoisson-sur-Orge
4%
Villenoy
4%
Villevaudé
4%
Wy-dit-Joli-Village
4%
Aincourt
3%
Ambleville
3%
Amillis
3%
Angervilliers
3%
Arbonne-la-Forêt
3%
Arville
3%
Attainville
3%
Auffargis
3%
Baillet-en-France
3%
Barcy
3%
Baulne
3%
Bazemont
3%
Bellefontaine
3%
Belloy-en-France
3%
Béthemont-la-Forêt
3%
Beton-Bazoches
3%
Boisemont
3%
Bois-Herpin
3%
Bombon
3%
Bouafle
3%
Boutervilliers
3%
Breux-Jouy
3%
Brueil-en-Vexin
3%
Buchelay
3%
Buhy
3%
Buthiers
3%
Butry-sur-Oise
3%
Cély
3%
Chalifert
3%
Chalou-Moulineux
3%
Chambry
3%
Chamigny
3%
Champcueil
3%
Changis-sur-Marne
3%
Chapet
3%
Chatignonville
3%
Chauffour-lès-Étréchy
3%
Chaumes-en-Brie
3%
Chaumontel
3%
Chaussy
3%
Chauvry
3%
Chavenay
3%
Chevannes
3%
Choisel
3%
Cléry-en-Vexin
3%
Conches-sur-Gondoire
3%
Congerville-Thionville
3%
Congis-sur-Thérouanne
3%
Corbreuse
3%
Coubert
3%
Courances
3%
Courpalay
3%
Crespières
3%
Dagny
3%
Dampmart
3%
Dannemois
3%
Écharcon
3%
Ennery
3%
Épiais-lès-Louvres
3%
Épiais-Rhus
3%
Férolles-Attilly
3%
Freneuse
3%
Gambaiseuil
3%
Gouvernes
3%
Grandpuits-Bailly-Carrois
3%
Gressy
3%
Grisy-les-Plâtres
3%
Grisy-Suisnes
3%
Grisy-sur-Seine
3%
Guérard
3%
Guibeville
3%
Guignes
3%
Guigneville-sur-Essonne
3%
Herbeville
3%
Hermé
3%
Isles-les-Meldeuses
3%
Isles-lès-Villenoy
3%
Jossigny
3%
Juilly
3%
La Boissière-École
3%
La Falaise
3%
La Rochette
3%
Le Bellay-en-Vexin
3%
Le Perchay
3%
Les Mesnuls
3%
Le Thillay
3%
Leudeville
3%
Longvilliers
3%
Marcq
3%
Margency
3%
Mary-sur-Marne
3%
Mauchamps
3%
May-en-Multien
3%
Méricourt
3%
Mérobert
3%
Mespuits
3%
Moigny-sur-École
3%
Mondeville
3%
Monnerville
3%
Montainville
3%
Montceaux-lès-Meaux
3%
Montceaux-lès-Provins
3%
Montgeroult
3%
Mortcerf
3%
Mours
3%
Mouy-sur-Seine
3%
Orsonville
3%
Othis
3%
Piscop
3%
Poincy
3%
Pontcarré
3%
Précy-sur-Marne
3%
Puiseux-en-France
3%
Puiseux-Pontoise
3%
Pussay
3%
Richarville
3%
Roinville
3%
Roinvilliers
3%
Rosay
3%
Saâcy-sur-Marne
3%
Saint-Augustin
3%
Sainte-Colombe
3%
Saint-Hilarion
3%
Saint-Illiers-la-ville
3%
Saint-Illiers-le-Bois
3%
Saint-Loup-de-Naud
3%
Saint-Pathus
3%
Saint-Witz
3%
Samois-sur-Seine
3%
Sancy
3%
Sancy-lès-Provins
3%
Senlisse
3%
Septeuil
3%
Seugy
3%
Sourdun
3%
Souzy-la-Briche
3%
Tessancourt-sur-Aubette
3%
Ury
3%
Valence-en-Brie
3%
Valpuiseaux
3%
Vaugrigneuse
3%
Vémars
3%
Vétheuil
3%
Villette
3%
Adainville
2%
Amenucourt
2%
Amponville
2%
Andelu
2%
Andrezel
2%
Argentières
2%
Arrancourt
2%
Arronville
2%
Aubepierre-Ozouer-le-Repos
2%
Aufferville
2%
Auffreville-Brasseuil
2%
Augers-en-Brie
2%
Autouillet
2%
Auvernaux
2%
Avernes
2%
Balloy
2%
Bannost-Villegagnon
2%
Banthelu
2%
Bazainville
2%
Beauchery-Saint-Martin
2%
Beautheil-Saints
2%
Beauvoir
2%
Bernay-Vilbert
2%
Bernes-sur-Oise
2%
Berville
2%
Bezalles
2%
Blaru
2%
Blennes
2%
Boinville-en-Mantois
2%
Boinville-le-Gaillard
2%
Boinvilliers
2%
Boisdon
2%
Boissettes
2%
Bonnelles
2%
Bougligny
2%
Boulancourt
2%
Boullay-les-Troux
2%
Bouqueval
2%
Bouville
2%
Bransles
2%
Bréançon
2%
Bréau
2%
Brignancourt
2%
Brouy
2%
Bullion
2%
Burcy
2%
Cannes-Écluse
2%
Carnetin
2%
Cerneux
2%
Chaintreaux
2%
Chalmaison
2%
Champdeuil
2%
Champeaux
2%
Champmotteux
2%
Charmont
2%
Châtenoy
2%
Châtres
2%
Chauconin-Neufmontiers
2%
Chauffry
2%
Chaufour-lès-Bonnières
2%
Chenoise-Cucharmoy
2%
Chenou
2%
Chérence
2%
Chevru
2%
Citry
2%
Civry-la-Forêt
2%
Clos-Fontaine
2%
Commeny
2%
Condécourt
2%
Coulombs-en-Valois
2%
Coulommes
2%
Courgent
2%
Courson-Monteloup
2%
Coutevroult
2%
Cravent
2%
Crèvecœur-en-Brie
2%
Crisenoy
2%
Cuisy
2%
Dannemarie
2%
Darvault
2%
Davron
2%
D'Huison-Longueville
2%
Diant
2%
Donnemarie-Dontilly
2%
Douy-la-Ramée
2%
Drocourt
2%
Échouboulains
2%
Égreville
2%
Émancé
2%
Évecquemont
2%
Féricy
2%
Flacourt
2%
Flexanville
2%
Follainville-Dennemont
2%
Fontenailles
2%
Frémainville
2%
Frémécourt
2%
Fretoy
2%
Frouville
2%
Fublaines
2%
Gaillon-sur-Montcient
2%
Genainville
2%
Génicourt
2%
Germigny-l'Évêque
2%
Germigny-sous-Coulombs
2%
Gesvres-le-Chapitre
2%
Gommecourt
2%
Goupillières
2%
Goussonville
2%
Grandchamp
2%
Guernes
2%
Guerville
2%
Guiry-en-Vexin
2%
Guitrancourt
2%
Haravilliers
2%
Hargeville
2%
Hautefeuille
2%
Haute-Isle
2%
Hédouville
2%
Hermeray
2%
Hodent
2%
Jagny-sous-Bois
2%
Jumeauville
2%
Labbeville
2%
La Hauteville
2%
La Houssaye-en-Brie
2%
Lainville-en-Vexin
2%
La Madeleine-sur-Loing
2%
Larchant
2%
Lassy
2%
La Tombe
2%
Le Heaulme
2%
Les Alluets-le-Roi
2%
Les Bréviaires
2%
Les Chapelles-Bourbon
2%
Lescherolles
2%
Lesches
2%
Le Tartre-Gaudran
2%
Leudon-en-Brie
2%
Lévis-Saint-Nom
2%
Limetz-Villez
2%
Limoges-Fourches
2%
Lissy
2%
Liverdy-en-Brie
2%
Livilliers
2%
Longnes
2%
Longperrier
2%
Longuesse
2%
Louan-Villegruis-Fontaine
2%
Lumigny-Nesles-Ormeaux
2%
Maisoncelles-en-Brie
2%
Maisoncelles-en-Gâtinais
2%
Maison-Rouge
2%
Marcilly
2%
Maudétour-en-Vexin
2%
Mauperthuis
2%
Mauregard
2%
Ménerville
2%
Menouville
2%
Menucourt
2%
Mézy-sur-Seine
2%
Mittainville
2%
Moisson
2%
Mondreville
2%
Montalet-le-Bois
2%
Montchauvet
2%
Monthyon
2%
Montlignon
2%
Montolivet
2%
Mortery
2%
Mousseaux-lès-Bray
2%
Mousseaux-sur-Seine
2%
Nainville-les-Roches
2%
Neauphlette
2%
Nerville-la-Forêt
2%
Nesles-la-Vallée
2%
Neufmoutiers-en-Brie
2%
Nonville
2%
Noyen-sur-Seine
2%
Nucourt
2%
Ocquerre
2%
Oinville-sur-Montcient
2%
Orcemont
2%
Orphin
2%
Orveau
2%
Orvilliers
2%
Osmoy
2%
Ozouer-le-Voulgis
2%
Pamfou
2%
Pecqueuse
2%
Perdreauville
2%
Poligny
2%
Ponthévrard
2%
Puiselet-le-Marais
2%
Raizeux
2%
Rampillon
2%
Recloses
2%
Remauville
2%
Rennemoulin
2%
Rolleboise
2%
Ronquerolles
2%
Rouilly
2%
Rozay-en-Brie
2%
Rubelles
2%
Sagy
2%
Sailly
2%
Sainte-Aulde
2%
Saint-Fiacre
2%
Saint-Forget
2%
Saint-Hilliers
2%
Saint-Mars-Vieux-Maisons
2%
Saint-Méry
2%
Saint-Mesmes
2%
Saint-Siméon
2%
Salins
2%
Seraincourt
2%
Sivry-Courtry
2%
Soignolles-en-Brie
2%
Soindres
2%
Solers
2%
Théméricourt
2%
Thiverval-Grignon
2%
Tigeaux
2%
Tilly
2%
Touquin
2%
Tousson
2%
Trocy-en-Multien
2%
Ussy-sur-Marne
2%
Varreddes
2%
Vaucourtois
2%
Vaud'herland
2%
Vaudoy-en-Brie
2%
Verdelot
2%
Vicq
2%
Videlles
2%
Vienne-en-Arthies
2%
Vigny
2%
Villebéon
2%
Villeconin
2%
Villemaréchal
2%
Villeron
2%
Villeroy
2%
Villuis
2%
Voisenon
2%
Voulangis
2%
Voulton
2%
Voulx
2%
Barbey
1%
Bassevelle
1%
Bennecourt
1%
Boissets
1%
Boitron
1%
Bouleurs
1%
Bourdonné
1%
Bussières
1%
Cessoy-en-Montois
1%
Chalautre-la-Grande
1%
Chalautre-la-Petite
1%
Champcenest
1%
Charmentray
1%
Chartronges
1%
Chateaubleau
1%
Chevrainvilliers
1%
Cocherel
1%
Courchamp
1%
Courquetaine
1%
Courtacon
1%
Courtomer
1%
Coutençon
1%
Dhuisy
1%
Dormelles
1%
Égligny
1%
Esmans
1%
Étrépilly
1%
Everly
1%
Favrieux
1%
Faÿ-lès-Nemours
1%
Flagy
1%
Fontains
1%
Forfry
1%
Fouju
1%
Fromont
1%
Galluis
1%
Garentreville
1%
Gastins
1%
Giremoutiers
1%
Gouaix
1%
Gouzangrez
1%
Gravon
1%
Gressey
1%
Grosrouvre
1%
Guercheville
1%
Gurcy-le-Châtel
1%
Hondevilliers
1%
Ichy
1%
Iverny
1%
Jaignes
1%
Jaulnes
1%
Jutigny
1%
La Brosse-Montceaux
1%
La Genevraye
1%
La Haute-Maison
1%
La Trétoire
1%
Léchelle
1%
Les Écrennes
1%
Les Marets
1%
Le Vaudoué
1%
Lizines
1%
Lommoye
1%
Lorrez-le-Bocage-Préaux
1%
Luisetaines
1%
Luzancy
1%
Machault
1%
Marchémoret
1%
Maulette
1%
Meigneux
1%
Meilleray
1%
Melz-sur-Seine
1%
Millemont
1%
Misy-sur-Yonne
1%
Moisenay
1%
Montcourt-Fromonville
1%
Montdauphin
1%
Montenils
1%
Montmachoux
1%
Mulcent
1%
Nanteau-sur-Essonne
1%
Nanteau-sur-Lunain
1%
Obsonville
1%
Oissery
1%
Omerville
1%
Paley
1%
Paroy
1%
Pécy
1%
Penchard
1%
Perthes
1%
Pézarches
1%
Puisieux
1%
Quiers
1%
Rouvres
1%
Rumont
1%
Rupéreux
1%
Sablonnières
1%
Sammeron
1%
Savins
1%
Sept-Sorts
1%
Signy-Signets
1%
Sigy
1%
Sognolles-en-Montois
1%
Tancrou
1%
Thénisy
1%
Theuville
1%
Thoury-Férottes
1%
Treuzy-Levelay
1%
Trilbardou
1%
Vallangoujard
1%
Vanvillé
1%
Vayres-sur-Essonne
1%
Vendrest
1%
Vieux-Champagne
1%
Vignely
1%
Villecerf
1%
Villemareuil
1%
Villemer
1%
Villenauxe-la-Petite
1%
Ville-Saint-Jacques
1%
Vimpelles
1%
Vinantes
1%
Vincy-Manœuvre
1%
Voinsles
1%
Yèbles
1%
Aucun quiz correspondant
Distribution des résultats
% des personnes avec chaque résultat
Percentile par nombre de réponses
Votre historique - résultats
Vous n’avez pas pris ce quiz